Κατάλογος Βιβλιοθηκών Mediterranean College

Planning Extreme Programming (Record no. 3578)

MARC details
000 -LEADER
fixed length control field 01158cam a22002054a 4500
005 - ΗΜΕΡΟΜΗΝΙΑ ΚΑΙ ΩΡΑ ΤΕΛΕΥΤΑΙΑΣ ΕΝΗΜΕΡΩΣΗΣ
Πεδίο ελέγχου 20250605164119.0
008 - FIXED-LENGTH DATA ELEMENTS--GENERAL INFORMATION
Πεδίο ελέγχου σταθερού μήκους 250528s ||||||||||||||||||||||||d
035 ## - SYSTEM CONTROL NUMBER
System control number 18201
020 ## - ISBN
ISBN 201710919
040 ## - ΠΗΓΗ ΚΑΤΑΛΟΓΟΓΡΑΦΗΣΗΣ
Φορέας πρωτότυπης καταλογογράφησης MC Athens Campus Library
Γλώσσα καταλογογράφησης Ελληνικά, Μοντέρνα (1453-)
Modifying agency MC Athens Campus Library
Κανόνες περιγραφικής καταλογογράφησης AACR2
245 1# - ΤΙΤΛΟΣ ΚΑΙ ΔΗΛΩΣΗ ΥΠΕΥΘΥΝΟΤΗΤΑΣ
Τίτλος Planning Extreme Programming
260 ## - PUBLICATION, DISTRIBUTION, ETC.
Name of publisher, distributor, etc. Addison-Wesley Publishing Company,
Date of publication, distribution, etc. 2001
300 ## - PHYSICAL DESCRIPTION
Extent 142
520 ## - SUMMARY, ETC.
Summary, etc. This book presents the approaches, methods, discipline, and advice you need to plan and track a successful Extreme Programming project. Foreword, Preface, Acknowledgements, Why Plan?, Fear, Driving Software, Balancing Power, Overviews, Too Much to Do, Four Variables, Yesterday's Weather, Scoping a Project, Release Planning, Writing Stories, Estimation, Ordering the Stories, Release Planning Events, The First Plan, Release Planning Variations, Iteration Planning, Iteration Planning Meeting, Tracking an Iteration, Stand-up Meetings, Visible Graphs, Dealing with Bugs, Changes to the Team, Tools, Business Contracts, Red Flags, Your Own Process, Index.
700 1# - ΠΡΟΣΘΕΤΗ ΑΝΑΓΡΑΦΗ--ΦΥΣΙΚΟ ΠΡΟΣΩΠΟ
Personal name Beck Kent
9 (RLIN) 1942
700 1# - ΠΡΟΣΘΕΤΗ ΑΝΑΓΡΑΦΗ--ΦΥΣΙΚΟ ΠΡΟΣΩΠΟ
Personal name Fowler Martin
9 (RLIN) 4489
942 ## - ADDED ENTRY ELEMENTS (KOHA)
Koha item type Books
Holdings
Τύπος τεκμηρίου Βιβλιοθήκη Τρέχουσα τοποθεσία Barcode Αριθμός εισαγωγής Ημερομηνία απόκτησης Ταξιθετικό σύμβολο Αριθμός αντιτύπου Κατάσταση απόσυρσης Κατάσταση χαμένου Κατάσταση κατεστραμμένου Μη δανεισμός Σύνολο δανεισμών Ημερομηνία τελευταίας εμφάνισης Η τιμή ισχύει από
Books MC Athens Campus Library MC Athens Campus Library 9780000035776 2394 05/06/2025 005.3 BEC 1           05/06/2025 05/06/2025

MC Athens Campus Library
Πατησίων 94 & Κοδριγκτώνος 13, 104 34
Πελλήνης 8 & Πατησίων 107, 112 51
Τ: +30 210 8899600

MC Thessaloniki Campus Library
Ίωνος Δραγούμη 21, 54625 | Ίωνος Δραγούμη 15, 54625
Τ: +30 2310 287779 – Τ: +30 2314 440300